ბათუმის შოთა რუსთაველის სახელმწიფო უნივერსიტეტის ბიბლიოთეკა

ციური ექსპრესი = The heaven express / (ბიბ.ჩანაწერი № 45432)

000 -ლიდერი
ფიქსირებული სიგრძის საკონტროლო ველი 01645nam a2200289Ia 4500
001 - საკონტროლო ნომერი
საკონტროლო ველი 12256
003 - საკონტროლო ნომრის იდენტიფიკატორი
საკონტროლო ველი GE_BSU
005 - ბოლო ოპერაციის თარიღი და დრო
საკონტროლო ველი 20240703114322.0
008 - ფიქსირებული სიგრძის მონაცემთა ელემენტები - ზოგადი ინფორმაცია
ფიქსირებული სიგრძის საკონტროლო ველი 181216s2009||||geo|||||||||||||| ||geo||
040 ## - კატალოგიზაციის წყარო
Transcribing agency GE_BSU
041 ## - ენის კოდი
Language code of text/sound track or separate title geo
080 ## - უნივერსალური ათობითი კლასიფიკაციის ინდექსი
Universal Decimal Classification number 003.212+001.94+930.85 ვ-25
100 ## - მთავარი ჩანაწერი - პიროვნების სახელი
Personal name ვაშაკიძე, გიზო
9 (RLIN) 18781
245 ## - ცნობა სათაურის შესახებ
Title ციური ექსპრესი = The heaven express /
Statement of responsibility, etc გიზო ვაშაკიძე ; [მთარგმნ. ფარიზა ალბოროვა ; რედ. : გიორგი ბოჭორიშვილი, არჩილ ხანთაძე (სამეცნ. რედ.)].
264 ## - წარმოების, გამოცემის, დისტრიბუციის და სხვა ცნობები
გამოცემის, წარმოების, დისტრიბუციის... ადგილი თბილისი :
გამოცემის, წარმოების, დისტრიბუციის... სახელწოდება საარი,
გამოცემის, წარმოების, დისტრიბუციის... თარიღი 2009.
300 ## - ფიზიკური აღწერა
Extent 88 გვ. :
Other physical details სურ. ;
Dimensions 26 სმ.
500 ## - ზოგადი შენიშვნა
General note ტექსტი, თავფურც. და ყდა ქართ., ინგლისურ ენაზე
504 ## - BIBLIOGRAPHY, ETC. NOTE
Bibliography, etc ბიბლიოგრ. : გვ. 87
653 ## - INDEX TERM--UNCONTROLLED
Uncontrolled term ციური ექსპრესი = The heaven express
653 ## - INDEX TERM--UNCONTROLLED
Uncontrolled term წერის პიქტოგრაფიული სისტემები
653 ## - INDEX TERM--UNCONTROLLED
Uncontrolled term სამყაროს ამოუხსნელი მოვლენები
653 ## - INDEX TERM--UNCONTROLLED
Uncontrolled term ცივილიზაციის ისტორია
700 ## - ADDED ENTRY--PERSONAL NAME
Personal name ბოჭორიშვილი, გიორგი
Relator term რედაქტორი
9 (RLIN) 22608
700 ## - ADDED ENTRY--PERSONAL NAME
Personal name ხანთაძე, არჩილ
Relator term რედაქტორი
9 (RLIN) 18782
700 ## - ADDED ENTRY--PERSONAL NAME
Personal name ალბოროვა, ფარიზა
Relator term მთარგმნელი
9 (RLIN) 22645
942 ## - ADDED ENTRY ELEMENTS (KOHA)
Koha item type წიგნი
Source of classification or shelving scheme
ეგზემპლარები
ჩამოწერის სტატუსი დაკარგული ეგზემპლარის სტატუსი კლასიფიკაციის წყარო ან თაროზე გაწყობის სქემა დაზიანების სტატუსი არ გაიცემა მუდმივი მდებარეობა (დაცვის ადგილი) ამჟამინდელი ადგილსამყოფელი თაროზე განთავსების ადგილი შეძენის თარიღი სრული შენახვის შიფრი შტრიხკოდი ბოლო ოპერაციის თარიღი ეგზემპლარის მიმდევრობითი ნომერი (კეტერი?) ფასის ძალაში შესვლის თარიღი ეგზემპლარის სახეობა
          ბათუმის შოთა რუსთაველის სახელმწიფო უნივერსიტეტის მთავარი ბიბლიოთეკა ბათუმის შოთა რუსთაველის სახელმწიფო უნივერსიტეტის მთავარი ბიბლიოთეკა წიგნსაცავი 2018-12-17 003.212+001.94+930.85 ვ-25 27054 2018-12-17 27054 2018-12-17 წიგნი